Minnie's Winter Bow Show / (Record no. 7979)

MARC details
000 -LEADER
fixed length control field 00961nam a22003017a 4500
001 - CONTROL NUMBER
control field 7979
003 - CONTROL NUMBER IDENTIFIER
control field FISKH
005 - DATE AND TIME OF LATEST TRANSACTION
control field 20260213143737.0
008 - FIXED-LENGTH DATA ELEMENTS--GENERAL INFORMATION
fixed length control field 250815b cb ||||| |||| 00| 0 eng d
020 ## - INTERNATIONAL STANDARD BOOK NUMBER
International Standard Book Number 9781423180708
040 ## - CATALOGING SOURCE
Original cataloging agency FISKH
Language of cataloging eng
Transcribing agency FISKH
Modifying agency FISKH
050 ## - LIBRARY OF CONGRESS CALL NUMBER
Classification number PZ7.S41325 M
100 ## - MAIN ENTRY--PERSONAL NAME
Personal name Scollon , Bill
245 ## - TITLE STATEMENT
Title Minnie's Winter Bow Show /
Statement of responsibility, etc. By Bill Scollon
250 ## - EDITION STATEMENT
Edition statement First Edition
260 ## - PUBLICATION, DISTRIBUTION, ETC.
Place of publication, distribution, etc. California :
Name of publisher, distributor, etc. Disney Enterpriseds, Inc ,
Date of publication, distribution, etc. 2014.
300 ## - PHYSICAL DESCRIPTION
Extent 24 unnumbered pages :
Other physical details color illustrations ;
Dimensions 20 cm .
490 ## - SERIES STATEMENT
Series statement Minnie
505 ## - FORMATTED CONTENTS NOTE
Formatted contents note G <br/><br/>
520 ## - SUMMARY, ETC.
Summary, etc. Millie and Melody take Aunt Minnie on an adventure through the snowy mountains, but will she get back in time for her Winter Bow Show?
521 8# - TARGET AUDIENCE NOTE
Target audience note 370 <br/>
Source Lexile estimate <br/>
521 8# - TARGET AUDIENCE NOTE
Target audience note G <br/>
Source Raz-Plus <br/>
650 ## - SUBJECT ADDED ENTRY--TOPICAL TERM
Topical term or geographic name entry element Mickey
650 ## - SUBJECT ADDED ENTRY--TOPICAL TERM
Topical term or geographic name entry element Winter
Form subdivision Children's Books
650 ## - SUBJECT ADDED ENTRY--TOPICAL TERM
Topical term or geographic name entry element Mickey
Form subdivision Children's Books
942 ## - ADDED ENTRY ELEMENTS (KOHA)
Source of classification or shelving scheme Dewey Decimal Classification
Koha item type Books
Suppress in OPAC No
Holdings
Withdrawn status Lost status Source of classification or shelving scheme Damaged status Not for loan Home library Current library Shelving location Date acquired Total Checkouts Full call number Barcode Date last seen Price effective from Koha item type
Withdrawn   Library of Congress Classification Damaged   Footprints International School Library Network Toul Tom Poung Campus Footprints International School Library Network Toul Tom Poung Campus TTP Primary Green Bookshelves 08/15/2025   SCO PZ7.S41325 M 2025-4118 08/15/2025 08/15/2025 Books